[Event "SVK-ch U18/20"]
[Site "Liptovsky Mikulas"]
[Date "2019.04.30"]
[Round "9"]
[White "Franko, Ondrej"]
[Black "Kardis, Benjamin"]
[Result "1/2-1/2"]
[WhiteElo "1802"]
[BlackElo "1932"]
[PlyCount "38"]
[EventDate "2019.04.23"]
[EventType "swiss"]
[EventRounds "9"]
[EventCountry "SVK"]
[SourceTitle "CBM 190 Extra"]
[Source "ChessBase"]
[SourceDate "2019.07.15"]
[SourceVersion "1"]
[SourceVersionDate "2019.07.15"]
[SourceQuality "1"]

1. e4 c5 2. Nc3 g6 3. f4 Bg7 4. Nf3 Nc6 5. Bb5 Nd4 6. 0-0 e6 7. a4 Ne7 8. Nxd4 cxd4 9. Ne2 0-0 10. c3 a6 11. Bd3 d5 12. e5 dxc3 13. bxc3 f6 14. exf6 Bxf6 15. Kh1 Nf5 16. Ba3 Re8 17. a5 Bd7 18. Bxf5 exf5 19. Bc5 Rc8 1/2-1/2

[Event "SVK-ch U16"]
[Site "Liptovsky Mikulas"]
[Date "2018.04.25"]
[Round "7"]
[White "Franko, Ondrej"]
[Black "Holly, Andrej"]
[Result "1/2-1/2"]
[WhiteElo "1968"]
[BlackElo "1942"]
[PlyCount "60"]
[EventDate "2018.04.21"]
[EventType "swiss"]
[EventRounds "9"]
[EventCountry "SVK"]
[SourceTitle "CBM 184 Extra"]
[Source "ChessBase"]
[SourceDate "2018.06.28"]
[SourceVersion "1"]
[SourceVersionDate "2018.06.28"]
[SourceQuality "1"]

1. e4 c5 2. Nf3 g6 3. d4 cxd4 4. Nxd4 Bg7 5. c4 Nc6 6. Be3 Nf6 7. Nc3 0-0 8. Be2 d6 9. f3 Be6 10. Qd2 Rc8 11. b3 Qa5 12. 0-0 Nd7 13. Rac1 Nxd4 14. Bxd4 Bxd4+ 15. Qxd4 Qc5 16. Rcd1 a6 17. f4 Qxd4+ 18. Rxd4 Nf6 19. f5 Bd7 20. g4 gxf5 21. g5 Nxe4 22. Nxe4 fxe4 23. Rxe4 Rc5 24. Rxe7 Rxg5+ 25. Kh1 Bc6+ 26. Bf3 Kh8 27. Bxc6 bxc6 28. Rfxf7 Rxf7 29. Rxf7 d5 30. cxd5 cxd5 1/2-1/2

[Event "SVK-ch U16"]
[Site "Liptovsky Mikulas"]
[Date "2018.04.23"]
[Round "4"]
[White "Matis, Tibor"]
[Black "Franko, Ondrej"]
[Result "0-1"]
[WhiteElo "1884"]
[BlackElo "1968"]
[PlyCount "156"]
[EventDate "2018.04.21"]
[EventType "swiss"]
[EventRounds "9"]
[EventCountry "SVK"]
[SourceTitle "CBM 184 Extra"]
[Source "ChessBase"]
[SourceDate "2018.06.28"]
[SourceVersion "1"]
[SourceVersionDate "2018.06.28"]
[SourceQuality "1"]

1. e4 c6 2. d4 d5 3. e5 Bf5 4. g4 Be4 5. f3 Bg6 6. e6 Qd6 7. exf7+ Bxf7 8. Qe2 Nd7 9. f4 0-0-0 10. Nc3 h5 11. g5 e6 12. Bd2 Ne7 13. 0-0-0 Nf5 14. Nf3 Re8 15. Qf2 Qc7 16. Bh3 Bg6 17. Rhe1 Bb4 18. Nh4 Nxh4 19. Qxh4 Bxc3 20. Bxc3 Be4 21. Bb4 g6 22. Rf1 a5 23. Ba3 b5 24. Bc5 Nxc5 25. dxc5 Rhf8 26. Qg3 Re7 27. Rd2 Kb7 28. Rdf2 b4 29. Qe3 Bf5 30. Bg2 Rb8 31. Qe5 Qxe5 32. fxe5 Kc7 33. Rf4 Rb5 34. a3 Rxc5 35. R1f2 Rb5 36. Bf1 Rb6 37. axb4 axb4 38. b3 Re8 39. Bd3 Kd7 40. Rf1 Ra8 41. Kb2 c5 42. Rd1 Kc6 43. h4 Rb7 44. Bxf5 exf5 45. Rf2 Rba7 46. Re2 Ra2+ 47. Kc1 Ra1+ 48. Kd2 Rxd1+ 49. Kxd1 Re8 50. Kd2 d4 51. Re1 Kd5 52. Ra1 Rxe5 53. Ra8 Re6 54. Kd3 Rd6 55. Re8 Re6 56. Rc8 Re3+ 57. Kd2 Rh3 58. Rg8 Rxh4 59. Rxg6 Rg4 60. Rg8 h4 61. g6 h3 62. Rf8 Ke4 63. Rh8 Rg2+ 64. Kd1 Rxg6 65. Rxh3 Rg5 66. Rh8 f4 67. Re8+ Re5 68. Rf8 Rf5 69. Re8+ Kf3 70. Ke1 Rh5 71. Rg8 Re5+ 72. Kd2 Kf2 73. Rg7 f3 74. Rg8 Kf1 75. Rg7 Re2+ 76. Kd3 f2 77. Ra7 Re3+ 78. Kd2 Kg2 0-1

[Event "Oravska Priehrada op"]
[Site "Namestovo"]
[Date "2017.08.27"]
[Round "5"]
[White "Stevik, Patrik1111"]
[Black "Franko, Ondrej"]
[Result "1-0"]
[WhiteElo "1899"]
[BlackElo "1786"]
[PlyCount "121"]
[EventDate "2017.08.25"]
[EventType "swiss"]
[EventRounds "7"]
[EventCountry "SVK"]
[SourceTitle "CBM 180 Extra"]
[Source "ChessBase"]
[SourceDate "2017.10.06"]
[SourceVersion "1"]
[SourceVersionDate "2017.10.06"]
[SourceQuality "1"]

1. e4 c6 2. d4 d5 3. Nd2 dxe4 4. Nxe4 Bf5 5. Ng3 Bg6 6. h4 h6 7. h5 Bh7 8. Nf3 Nd7 9. Bd3 Bxd3 10. Qxd3 e6 11. Bd2 Ngf6 12. Ne4 Nxe4 13. Qxe4 Nf6 14. Qe2 Be7 15. 0-0-0 Qc7 16. Kb1 a5 17. Ne5 Bd6 18. Nc4 Be7 19. Qe5 Qxe5 20. dxe5 Ne4 21. Be3 0-0 22. Rd7 Bc5 23. Rxb7 Bxe3 24. fxe3 Rfd8 25. a3 Nd2+ 26. Nxd2 Rxd2 27. Rf1 Rxg2 28. Rfxf7 Rf8 29. Rxf8+ Kxf8 30. Ra7 Rg5 31. Rxa5 Rxh5 32. Rc5 Ke7 33. b4 Rh3 34. Rxc6 Rxe3 35. Rc7+ Kf8 36. b5 Ke8 37. Rxg7 Rxe5 38. c4 Kd8 39. b6 Kc8 40. Rc7+ Kb8 41. c5 h5 42. a4 Re4 43. a5 Ra4 44. Rh7 Rxa5 45. Rxh5 Ra4 46. Kb2 Kb7 47. Kb3 Ra1 48. Rh7+ Kb8 49. Kc4 Rb1 50. Re7 Rh1 51. c6 Rc1+ 52. Kb5 Rb1+ 53. Kc5 Rc1+ 54. Kd6 Rd1+ 55. Kxe6 Re1+ 56. Kd7 Rd1+ 57. Ke8 Rc1 58. c7+ Kc8 59. b7+ Kxb7 60. Kd8 Rd1+ 61. Rd7 1-0

[Event "SVK-ch U16"]
[Site "Liptovsky Mikulas"]
[Date "2017.04.27"]
[Round "8"]
[White "Bielik, Jakub"]
[Black "Franko, Ondrej"]
[Result "1/2-1/2"]
[WhiteElo "1930"]
[BlackElo "1863"]
[PlyCount "173"]
[EventDate "2017.04.22"]
[EventType "swiss"]
[EventRounds "9"]
[EventCountry "SVK"]
[SourceTitle "CBM 178 Extra"]
[Source "ChessBase"]
[SourceDate "2017.06.22"]
[SourceVersion "1"]
[SourceVersionDate "2017.06.22"]
[SourceQuality "1"]

1. Nc3 d5 2. e4 c6 3. d4 dxe4 4. Nxe4 Bf5 5. Nc5 e5 6. Nb3 Nd7 7. Nf3 Bd6 8. Be3 Qc7 9. c3 Ne7 10. Nbd2 0-0 11. Nc4 Rfd8 12. Nxd6 Qxd6 13. Be2 Ng6 14. 0-0 e4 15. Nd2 Ne7 16. Bg5 Re8 17. Nc4 Qg6 18. Bh4 b5 19. Ne3 Nb6 20. Bh5 Qe6 21. Qb3 Qxb3 22. axb3 Be6 23. Ra3 Ng6 24. Bg3 Re7 25. Rfa1 Rd7 26. Nc2 Nd5 27. c4 Ndf4 28. Bxg6 Ne2+ 29. Kf1 Nxg3+ 30. hxg3 hxg6 31. c5 a5 32. Ke2 f5 33. Ke3 Rda7 34. Nb4 Bd5 35. Nxd5 cxd5 36. b4 a4 37. Rc3 Rc7 38. Rac1 Rc6 39. Kf4 Re8 40. Ra3 Kf7 41. b3 axb3 42. Ra5 Kf6 43. Rb1 g5+ 44. Ke3 Rb8 45. Rxb3 Rb7 46. Rba3 g6 47. Ra6 Rxa6 48. Rxa6+ Kf7 49. c6 Rc7 50. Rb6 Ke6 51. Rxb5 Rxc6 52. Rc5 Ra6 53. Rc3 f4+ 54. gxf4 gxf4+ 55. Kxf4 Ra2 56. Kg3 Rb2 57. Rc6+ Kd7 58. Rxg6 Rxb4 59. Kf4 Rxd4 60. Ke5 Rd2 61. Rf6 Ke7 62. Rf4 e3 63. fxe3 Rxg2 64. Kxd5 Rd2+ 65. Ke5 Ra2 66. Rd4 Rh2 67. Kd5 Rh5+ 68. Kc4 Ke6 69. e4 Ra5 70. Rd8 Ra4+ 71. Kd3 Ra3+ 72. Ke2 Ra2+ 73. Kf3 Ra3+ 74. Kf4 Ra1 75. Re8+ Kf7 76. Rb8 Ke6 77. Rb6+ Ke7 78. Kf5 Rf1+ 79. Ke5 Re1 80. Rb7+ Ke8 81. Kf5 Ra1 82. e5 Ra6 83. e6 Ra1 84. Rb8+ Ke7 85. Rb6 Rf1+ 86. Ke5 Re1+ 87. Kd5 1/2-1/2

[Event "SVK-ch U16"]
[Site "Liptovsky Mikulas"]
[Date "2017.04.24"]
[Round "4"]
[White "Matis, Tibor"]
[Black "Franko, Ondrej"]
[Result "1-0"]
[WhiteElo "1872"]
[BlackElo "1863"]
[PlyCount "73"]
[EventDate "2017.04.22"]
[EventType "swiss"]
[EventRounds "9"]
[EventCountry "SVK"]
[SourceTitle "CBM 178 Extra"]
[Source "ChessBase"]
[SourceDate "2017.06.22"]
[SourceVersion "1"]
[SourceVersionDate "2017.06.22"]
[SourceQuality "1"]

1. e4 c6 2. d4 d5 3. Nc3 dxe4 4. Nxe4 Bf5 5. Ng3 Bg6 6. Nf3 Nd7 7. Bd3 Bxd3 8. Qxd3 e6 9. Bf4 Ne7 10. Bd6 Qb6 11. Ne4 Ng6 12. Bxf8 Rxf8 13. Nd6+ Kd8 14. 0-0 h6 15. Nxf7+ Rxf7 16. Qxg6 Re7 17. Rfe1 Nf8 18. Qd3 Kc7 19. c4 Rd8 20. b3 Red7 21. Rad1 Qa5 22. Qe3 a6 23. Re2 c5 24. Qe5+ Kc6 25. Qe4+ Kc7 26. Qf4+ Kc8 27. d5 exd5 28. Ne5 Rd6 29. Nf7 Rf6 30. Qg4+ Rd7 31. Ne5 Re6 32. cxd5 h5 33. Qxh5 Rh6 34. Qg4 Qc7 35. g3 Ne6 36. Nxd7 Qxd7 37. Rxe6 1-0

[Event "SVK-ch U16"]
[Site "Liptovsky Mikulas"]
[Date "2017.04.23"]
[Round "3"]
[White "Franko, Ondrej"]
[Black "Sivcak, Matej"]
[Result "1/2-1/2"]
[WhiteElo "1863"]
[BlackElo "1764"]
[PlyCount "82"]
[EventDate "2017.04.22"]
[EventType "swiss"]
[EventRounds "9"]
[EventCountry "SVK"]
[SourceTitle "CBM 178 Extra"]
[Source "ChessBase"]
[SourceDate "2017.06.22"]
[SourceVersion "1"]
[SourceVersionDate "2017.06.22"]
[SourceQuality "1"]

1. e4 e5 2. Nf3 d6 3. d4 Nd7 4. Bc4 c6 5. 0-0 Be7 6. dxe5 dxe5 7. b3 b5 8. Bd3 Bb7 9. Bb2 Qc7 10. Nbd2 Ngf6 11. c4 b4 12. Qc2 0-0 13. Rad1 a5 14. Rfe1 Bc5 15. h3 Nh5 16. Nf1 Nf4 17. Ng3 Rfe8 18. Rd2 f6 19. Red1 Nf8 20. Bf1 Rad8 21. Bc1 N8e6 22. Nf5 g6 23. Nh6+ Kg7 24. Ng4 Nd4 25. Qb1 Bc8 26. Nxd4 Bxg4 27. hxg4 Bxd4 28. Bb2 c5 29. Be2 Qd7 30. Bf3 a4 31. Bxd4 exd4 32. Be2 a3 33. f3 g5 34. Bd3 Ng6 35. Kf2 Qc7 36. g3 Rh8 37. Rh1 h6 38. Rh5 Ne5 39. Qg1 Nxd3+ 40. Rxd3 Qe7 41. Qh2 Rh7 1/2-1/2

[Event "SVK-ch U16"]
[Site "Liptovsky Mikulas"]
[Date "2017.04.23"]
[Round "2"]
[White "Gazik, Viktor"]
[Black "Franko, Ondrej"]
[Result "1-0"]
[WhiteElo "2422"]
[BlackElo "1863"]
[PlyCount "69"]
[EventDate "2017.04.22"]
[EventType "swiss"]
[EventRounds "9"]
[EventCountry "SVK"]
[SourceTitle "CBM 178 Extra"]
[Source "ChessBase"]
[SourceDate "2017.06.22"]
[SourceVersion "1"]
[SourceVersionDate "2017.06.22"]
[SourceQuality "1"]

1. f4 d5 2. Nf3 Nf6 3. e3 c5 4. b3 Bf5 5. Bb2 h6 6. Bb5+ Nc6 7. Ne5 Rc8 8. 0-0 e6 9. d3 Be7 10. Rf3 0-0 11. Bxc6 bxc6 12. Rg3 d4 13. Na3 Ne8 14. e4 Bh4 15. exf5 Bxg3 16. hxg3 exf5 17. Nac4 Nf6 18. Qf3 Qd5 19. Na5 Qxf3 20. gxf3 Nh5 21. Kf2 Rfe8 22. Rh1 Nf6 23. Nb7 Rc7 24. Nd6 Re6 25. Nxf5 Nd7 26. Re1 Nb6 27. Ba3 f6 28. Nc4 Rxe1 29. Kxe1 Nd7 30. Nfd6 Kf8 31. Ne4 Ke8 32. Nxc5 Nb6 33. Ne6 Rd7 34. Nd6+ Ke7 35. Nxd4 1-0

[Event "Oravska Priehrada op"]
[Site "Oravska Priehrada"]
[Date "2016.08.29"]
[Round "7"]
[White "Franko, Ondrej"]
[Black "Bielik, Peter"]
[Result "0-1"]
[WhiteElo "1693"]
[BlackElo "1863"]
[PlyCount "84"]
[EventDate "2016.08.26"]
[EventType "swiss"]
[EventRounds "7"]
[EventCountry "SVK"]
[SourceTitle "CBM 174 Extra"]
[Source "ChessBase"]
[SourceDate "2016.10.10"]
[SourceVersion "1"]
[SourceVersionDate "2016.10.10"]
[SourceQuality "1"]

1. e4 e6 2. d4 d5 3. exd5 exd5 4. Bd3 c5 5. dxc5 Bxc5 6. Nc3 Nf6 7. Bb5+ Nc6 8. Qe2+ Be6 9. Nf3 0-0 10. 0-0 a6 11. Ba4 b5 12. Bb3 Re8 13. Qd1 Na5 14. Bg5 Nxb3 15. axb3 Be7 16. Re1 h6 17. Bh4 Qb6 18. Bxf6 Bxf6 19. Nxd5 Bxd5 20. Qxd5 Bxb2 21. Rxe8+ Rxe8 22. Rd1 Bf6 23. Qf5 Qe6 24. Qd3 Qe2 25. g3 Qxd3 26. cxd3 Rc8 27. d4 Rc3 28. Ne5 Bxe5 29. dxe5 Rxb3 30. Ra1 b4 31. Rxa6 Rb1+ 32. Kg2 b3 33. e6 fxe6 34. Rxe6 b2 35. Rb6 Kf7 36. Kf3 Ke7 37. Ke2 Kd7 38. Kd2 Rf1 39. Rxb2 Rxf2+ 40. Kc3 Rxb2 41. Kxb2 Ke6 42. Kc3 Kf5 0-1

[Event "SVK-ch U14"]
[Site "Liptovsky Mikulas"]
[Date "2016.04.19"]
[Round "5"]
[White "Bango, Lukas"]
[Black "Franko, Ondrej"]
[Result "1-0"]
[WhiteElo "2100"]
[BlackElo "1703"]
[PlyCount "89"]
[EventDate "2016.04.16"]
[EventType "swiss"]
[EventRounds "9"]
[EventCountry "SVK"]
[SourceTitle "CBM 172 Extra"]
[Source "ChessBase"]
[SourceDate "2016.06.21"]
[SourceVersion "1"]
[SourceVersionDate "2016.06.21"]
[SourceQuality "1"]

1. d4 d5 2. Nf3 Nf6 3. c4 c6 4. b3 Bf5 5. Nbd2 e6 6. e3 Bb4 7. Bb2 Ne4 8. a3 Nxd2 9. axb4 Nxf1 10. Kxf1 Nd7 11. Ba3 b5 12. Qe2 a6 13. Nd2 Nf6 14. f3 Bg6 15. Kf2 0-0 16. Bb2 Qd6 17. Bc3 Rfd8 18. Ra5 Ra7 19. Nf1 Rda8 20. Ng3 Nh5 21. Nxh5 Bxh5 22. g4 Bg6 23. Kg2 Qe7 24. Rc1 f5 25. h3 h6 26. Be1 fxg4 27. hxg4 Rc7 28. Raa1 Bh7 29. Qd2 Qf7 30. Bg3 Rca7 31. cxb5 axb5 32. Rxa7 Qxa7 33. Rxc6 Qa2 34. Rc8+ Kf7 35. Rc7+ Kf8 36. Bd6+ Kg8 37. Qxa2 Rxa2+ 38. Kg3 Rb2 39. Be5 Bd3 40. Rxg7+ Kf8 41. Ra7 Rxb3 42. Bd6+ Kg8 43. Re7 Be2 44. Kf2 Rb2 45. Rxe6 1-0

[Event "SVK-ch U14"]
[Site "Liptovsky Mikulas"]
[Date "2016.04.18"]
[Round "4"]
[White "Nosak, Alexander"]
[Black "Franko, Ondrej"]
[Result "0-1"]
[WhiteElo "1239"]
[BlackElo "1703"]
[PlyCount "138"]
[EventDate "2016.04.16"]
[EventType "swiss"]
[EventRounds "9"]
[EventCountry "SVK"]
[SourceTitle "CBM 172 Extra"]
[Source "ChessBase"]
[SourceDate "2016.06.21"]
[SourceVersion "1"]
[SourceVersionDate "2016.06.21"]
[SourceQuality "1"]

1. e4 e6 2. d4 d5 3. e5 c5 4. c3 Nc6 5. Nf3 Qb6 6. a3 c4 7. Be2 Na5 8. Nbd2 Bd7 9. 0-0 Nh6 10. h3 Nf5 11. Rb1 Rc8 12. g3 Be7 13. Ne1 0-0 14. Ng2 Bg5 15. h4 Bxd2 16. Bxd2 Nb3 17. Ne3 Ne7 18. Qe1 Ba4 19. Bd1 Nc6 20. Bxb3 Bxb3 21. Qc1 Na5 22. Nc2 Ba2 23. Ra1 Nb3 24. Qd1 Nxa1 25. Qxa1 Bb3 26. Ne3 Rc7 27. Re1 h6 28. Qc1 f5 29. exf6 Rxf6 30. Ng4 Rg6 31. Ne5 Rf6 32. Ng4 Rff7 33. Bxh6 gxh6 34. Nxh6+ Kf8 35. Nxf7 Rxf7 36. Qh6+ Ke7 37. Qg5+ Kd7 38. Qg6 Re7 39. h5 Qd8 40. h6 Qh8 41. g4 Qh7 42. Qxh7 Rxh7 43. g5 Bc2 44. f4 Ke7 45. Kg2 Bf5 46. Kg3 Kf7 47. Kh4 Kg6 48. Re5 Rc7 49. Re2 Be4 50. Kg4 b5 51. Rf2 a5 52. Kg3 Rb7 53. Rh2 Kh7 54. Kh4 b4 55. axb4 axb4 56. cxb4 Rxb4 57. Kh5 Rb3 58. Kh4 Rd3 59. Kg4 Rxd4 60. Rf2 Rd1 61. Kg3 Rd3+ 62. Kh2 Kg6 63. Rf1 Rd2+ 64. Kg1 Rg2+ 65. Kh1 Rxb2+ 66. Kg1 Rg2+ 67. Kh1 Rxg5+ 68. Kh2 Rh5+ 69. Kg3 Rxh6 0-1